| 000 | 01040aam a2200313 i 4500 | ||
|---|---|---|---|
| 999 |
_c46449 _d46449 |
||
| 001 | 768714001 | ||
| 003 | CO-MdFUSB | ||
| 005 | 20200521122245.0 | ||
| 007 | ta | ||
| 008 | 200521t1975 enka|||| |||| 00| 0 eng d | ||
| 020 | _a0334003997 | ||
| 040 |
_bspa. _aCO-MdFUSB _cCO-MdFUSB _dCO-MdFUSBC _erda |
||
| 041 | _aeng | ||
| 082 |
_223 _a225.817 _bS215 |
||
| 100 | 1 |
_aSanders, Jack T. _eautor |
|
| 245 | 1 | 0 |
_aEthics in the New Testament : _bChange and Development _c/ Jack T. Sanders |
| 264 | 1 |
_aLondres : _bSCM Press, _c[1975] |
|
| 264 | 4 | _c© 1975 | |
| 300 |
_axv, 144 páginas _c; 24 cm |
||
| 336 |
_atexto _btxt _2rdacontent |
||
| 337 |
_2rdamedia _asin mediación _bn |
||
| 338 |
_2rdacarrier _avolumen _bnc |
||
| 505 | _aJesús - Los evangelios sinópticos y Hechos - Pablo - Las epístolas posteriores en la tradición paulina - La literatura de Juan - Las epístolas posteriores y el apocalipsis | ||
| 563 | _aRústico | ||
| 630 | 0 | 7 |
_aBiblia. _pNuevo Testamento |
| 942 | _cBK | ||
| 945 | _aJTF-925 | ||